=LDR 00000nam 2200000 4500 =001 INLIS000000000007417 =005 20200721100251 =035 ##$$a 0010-061300000007417 =008 200721################g##########0#ind## =041 ##$$a Ind =082 ##$$a 2x6 2 =090 ##$$a 108.122/Pb-97 =100 1#$$a Syafiie, Inu Kencana =245 1#$$a Al-Qur'an dan ilmu politik, /$c Drs. H. Inu Kencana Syafii =260 ##$$a Jakarta :$b Rineka Cipta,$c 1996 =300 ##$$a xi, 473 hlm., ; $c 14 x 21 cm =650 #4$$a Al-Qur'an =020 ##$$a 979-518-649-3 =084 ##$$a 2x6 2 SYA a =250 ##$$a cet.1 =990 ##$$a DW00022736 =990 ##$$a 108.121/Pb-97 =990 ##$$a DW00026034 =990 ##$$a DW00022736 =990 ##$$a 108.121/Pb-97 =990 ##$$a DW00026034 =990 ##$$a 108.121/Pb-97 =990 ##$$a DW00022736 =990 ##$$a DW00026034 =990 ##$$a DW00026034 =990 ##$$a DW00022736 =990 ##$$a 108.121/Pb-97